Trade policy issues and empirical analysis (Registro nro. 34938)

Detalles MARC
000 -ENCABEZADO
Número de control [NR] 01421nam a2200289Ia 4500
008 - DE LONGITUD FIJA DE DATOS DE ELEMENTOS - INFORMACIÓN GENERAL
Elementos de longitud fija [NR] 130821s1988 xxua gr eng
020 ## - NUMERO INTERNACIONAL NORMALIZADO PARA LIBROS [R]
Número Internacional Normalizado del libro [NR] 226036073
040 ## - FUENTE DE CATALOGACION [NR]
Agencia de catalogación original [NR] Co-BoUCM
Idioma de catalogación [NR] spa
041 00 - CODIGO DE IDIOMA [R]
Código de idioma para texto/pista de sonido o título separado [R] Inglés
245 00 - MENCION DE TITULO [NR]
Título [NR] Trade policy issues and empirical analysis
Mención de responsabilidad, etc. [NR] edited por Robert E. Baldwin
260 ## - PUBLICACION, DISTRIBUCION, ETC. (PIE DE IMPRENTA) [R]
Lugar de publicación, distribución, etc. [R] Chicago (Illinois, estados Unidos)
Nombre del editor, distribuidor, etc. [R] University of Chicago Press
Fecha de publicación, distribución, etc. [R] 1988
300 ## - DESCRIPCION FISICA [R]
Extensión [R] ix, 379 páginas
Otros detalles físicos [NR] ilustraciones, gráficas
490 0# - MENCION DE SERIE [R]
Mención de serie [R] A National Bureau of Economic Research.
-- Conference Report
504 ## - NOTA DE BIBLIOGRAFIA, ETC. [R]
Nota de bibliografía, etc. [NR]
650 04 - ASIENTO SECUNDARIO DE MATERIA - TERMINO TEMATICO [R]
Término temático o nombre geográfico como elemento de entrada [NR] Comercio
9 (RLIN) 11192
650 04 - ASIENTO SECUNDARIO DE MATERIA - TERMINO TEMATICO [R]
Término temático o nombre geográfico como elemento de entrada [NR] Econometría
9 (RLIN) 13653
650 04 - ASIENTO SECUNDARIO DE MATERIA - TERMINO TEMATICO [R]
Término temático o nombre geográfico como elemento de entrada [NR] Modelo econométrico
9 (RLIN) 19656
650 04 - ASIENTO SECUNDARIO DE MATERIA - TERMINO TEMATICO [R]
Término temático o nombre geográfico como elemento de entrada [NR] Política comercial
Subdivisión de forma [R] Congresos, conferencias, etc.
9 (RLIN) 7944
650 04 - ASIENTO SECUNDARIO DE MATERIA - TERMINO TEMATICO [R]
Término temático o nombre geográfico como elemento de entrada [NR] Política comercial
Subdivisión de forma [R] Modelos econométricos
-- Congresos, conferencias, etc.
9 (RLIN) 7944
700 1# - ASIENTO SECUNDARIO - NOMBRE PERSONAL [R]
Nombre personal [NR] Baldwin, Robert E.
Término de relación [R] editor
830 #0 - ASIENTO SECUNDARIO DE SERIE--TITULO UNIFORME [R]
Título uniforme [NR] Conference report (National Bureau of Economic Research)
856 41 - LOCALIZACION Y ACCESO ELECTRONICOS [R]
Nombre del dominio (“Host name”) [R] zConsulte las tablas de contenido haciendo clic aquí
Identificador Uniforme del Recurso (“URI”) [R] <a href="http://www.loc.gov/catdir/enhancements/fy0608/88010346-t.html">http://www.loc.gov/catdir/enhancements/fy0608/88010346-t.html</a>
856 42 - LOCALIZACION Y ACCESO ELECTRONICOS [R]
Especificación de los materiales [NR] Contributor biographical information
Identificador Uniforme del Recurso (“URI”) [R] <a href="http://www.loc.gov/catdir/enhancements/fy0609/88010346-b.html">http://www.loc.gov/catdir/enhancements/fy0609/88010346-b.html</a>
856 42 - LOCALIZACION Y ACCESO ELECTRONICOS [R]
Especificación de los materiales [NR] Contributor biographical information
Identificador Uniforme del Recurso (“URI”) [R] <a href="http://www.loc.gov/catdir/enhancements/fy0609/88010346-b.html">http://www.loc.gov/catdir/enhancements/fy0609/88010346-b.html</a>
942 ## - ELEMENTOS DE ENTRADA AGREGADOS (KOHA)
Tema principal Economía
Edición 1
Prefijo de la signatura top. (colección) Colección - Referencia
Parte restante de la signatura top. T763
Tipo de ítem principal el descrito en 300a Libro de referencia
Sistema de clasificación DEWEY
Clasificación 382.3
Existencias
Fecha de último préstamo Total préstamos Signatura topográfica Código de barras Última vez visto Ejemplar Price effective from Tipo de ítem Perdido Sistema de clasificación Dañado No prestable Tipo de ítem específico Suprimido Ubicación habitual Ubicación actual Localización Fecha de creación Forma de adquisición Costo
31/07/2012   R 382.3 T763 100061675 05/12/2025 Ej.1 03/02/2013 Libro   DEWEY     Libro   Claustro Claustro Mezanine 28/02/2003 Donación 10000.00
31/07/2012   382.3 T763 100081177 05/12/2025 Ej.2 03/02/2013 Libro   DEWEY     Libro   Claustro Claustro Mezanine 30/09/2006 Compra 75000.00